| 000 | 00989nam a2200301 a 4500 | ||
|---|---|---|---|
| 003 | CHAP | ||
| 005 | 20220329142448.0 | ||
| 008 | 010323d1995 co r 00110 spa d | ||
| 010 | _a83800 | ||
| 011 | _a84772 | ||
| 020 | _a9589574246 | ||
| 035 | _a95298 | ||
| 040 | _cCHAP | ||
| 082 | 0 | 4 |
_a517.2076 _bC3 |
| 100 | 0 | 0 |
_aCasabianca Pizano, Manuel. _919722 |
| 245 | 1 | 0 |
_aProblemas resueltos de calculo integral _c/por Manuel Casabianca Pizano |
| 260 |
_aBogotá, Col. : _bEscuela Colombiana de Ingenieria, _c1995. |
||
| 300 | _a477 p. | ||
| 590 |
_aBATCH-UPD _b10 _c20130110 _lUCH01 _h0603 |
||
| 590 |
_aBATCH-UPD _b10 _c20130410 _lUCH01 _h0245 |
||
| 590 |
_aBATCH-UPD _b10 _c20130914 _lUCH01 _h0854 |
||
| 590 |
_aCONVERSION _b10 _c20130109 _lUCH01 _h1347 |
||
| 650 | 1 | 4 |
_aCálculo integral _xProblemas, ejercicios, etc. _923996 |
| 901 | _aBK | ||
| 905 | _aMayto Villalobos S. | ||
| 942 | _cLIBRO | ||
| 949 |
_a517.2076 C3 _bBC _cLIBRO _d33724000817102 _eLIBRO _gI.211034 _h99609 _i95298 _si _t$207.00 |
||
| 999 |
_c83800 _d83800 |
||